Účtovanie o peňažných prostriedkoch v cudzej mene v sústave jednoduchého a podvojného účtovníctva

Účtovanie o peňažných prostriedkoch v cudzej mene v sústave podvojného účtovníctva. Účtovanie o peňažných prostriedkoch v cudzej mene v sústave jednoduchého účtovníctva. Účtovné príklady.

Gespeichert in:
Bibliographische Detailangaben
1. Verfasser: Juríková, Renáta
Weitere Verfasser: Šaradínová, Martina
Format: Buchkapitel
Sprache:Slowakisch
Schlagworte:
Tags: Tag hinzufügen
Keine Tags, Fügen Sie das erste Tag hinzu!

MARC

LEADER 00000naa a2200000 4500
001 r026586
005 20230919070800.1
041 0 |a slo 
044 |a SK 
245 1 0 |a Účtovanie o peňažných prostriedkoch v cudzej mene v sústave jednoduchého a podvojného účtovníctva  |c Renáta Juríková, Martina Šaradinová 
520 |a Účtovanie o peňažných prostriedkoch v cudzej mene v sústave podvojného účtovníctva. Účtovanie o peňažných prostriedkoch v cudzej mene v sústave jednoduchého účtovníctva. Účtovné príklady. 
610 2 0 |a účtovanie 
610 2 0 |a valuty 
610 2 0 |a devízy 
610 2 0 |a kurz valutový 
610 2 0 |a rozdiely kurzové 
610 2 0 |a účtovníctvo jednoduché 
610 2 0 |a účtovníctvo podvojné 
100 1 |a Juríková, Renáta 
700 1 |a Šaradínová, Martina